| 000 | 00366nam a2200133 i 4500 | ||
|---|---|---|---|
| 001 | 183857 | ||
| 003 | ES-MaACL | ||
| 005 | 20230906222003.0 | ||
| 008 | 141030s1898 sp |||| | spa d | ||
| 245 | 0 | 0 |
_aGamazo _b: un jefe de gobierno. |
| 260 |
_aMadrid : _b[s.n.], _c1898 ( _fTip. de Ernesto Catalá) |
||
| 300 |
_a10 p. ; _c16 cm. |
||
| 852 |
_aES-MaACL _jT-757-F-3 |
||
| 999 |
_c183857 _d183857 |
||